000 00296nam a2200133Ia 4500
008 090123s9999 xx 000 0 und d
082 _b1845
245 _aपराई आग
250 _a0
300 _a144
630 _aपराई आग
730 _aपराई आग
942 _cBOOK
999 _c39927
_d39927